000 00265nam a2200121 i 4500
001 bg
245 0 _aPrace naukowe :
_bMechanika. Z.89.
260 _aWarszawa,
_c1985.
040 _cBPK
041 _apol
942 _cKS
008 s pl f |000 0 pol
999 _c23163
_d23163
856 _uhttp://koha.tu.koszalin.pl/cgi-bin/koha/opac-detail.pl?biblionumber=23163
_yKatalog online BPK